000 00581nam a2200217Ia 4500
003 0100
008 130227s9999 xx 000 0 und d
040 _cARRUPELIB
050 _aB5305.A35 2009
245 _aAfrican ethics
245 _ban anthopology of comparative and applied ethics
260 _aScottsville
260 _bUniversity of KwaZulu-Natal Press
260 _C2009
300 _axvi
300 _b 461p. 25cm.
650 _bLove - Biblical teaching
650 _cBible N T Luke - Criticism
700 _aMurove, Munyaradzi Felix ed.
942 _2lcc
_014
999 _c3580
_d3580